| 000 | 03135cam a22006374i 4500 | ||
|---|---|---|---|
| 003 | PE-LiUPU | ||
| 005 | 20250731173545.0 | ||
| 008 | 150616s1952 wiu r 000 0 eng d | ||
| 035 | _a(Sirsi) a9245 | ||
| 040 |
_aPE-LiUPU _bspa _cPE-LiUPU _erda |
||
| 049 | _aPRUA | ||
| 050 |
_aBX6146 _b.W41 |
||
| 082 | 0 | 4 |
_a286.7325 _bMBi _221 |
| 100 | 1 |
_aWhite, Elena G. de, _eautor. |
|
| 245 | 1 | 0 | _aWelfare ministry. |
| 264 | 1 |
_aWashington : _bReview and Herald Publishing ASSN, _c1952. |
|
| 300 |
_a349 páginas ; _c18 centimetros |
||
| 336 |
_atext _2rdacontent |
||
| 337 |
_aunmediated _2rdamedia |
||
| 338 |
_avolume _2rdacarrier |
||
| 500 | _aUniva edición. | ||
| 505 | 0 | _aThe divine philosophy of sufferin and poverty.- God's program for his church.- The new testament pattern.- Neighborhood evangelism.-Reieving suffering humanity.- The dorcas movement in the church.- The poor.- The unfortunate.- The outcasts.- Financial resources for welfare work. | |
| 526 | _aSEG42 | ||
| 526 | _aSEG41 | ||
| 526 | _aSEG40 | ||
| 526 | _aSEG39 | ||
| 526 | _aP94 | ||
| 526 | _aP87 | ||
| 526 | _aP86 | ||
| 526 | _aP85 | ||
| 526 | _aP77 | ||
| 526 | _aP76 | ||
| 526 | _aP35 | ||
| 650 | 0 | 4 | _aSERVICIO SOCIAL RELIGIOSO. |
| 650 | 0 | 4 | _aBONDAD. |
| 650 | 0 | 4 | _aVISITAS MISIONERAS. |
| 910 |
_ajck _bjvq _cjck |
||
| 910 |
_ajck _bjvq _cjck _d20170522. |
||
| 942 |
_2ddc _cBOOK |
||
| 949 |
_aBX6146 .W41 WM _c1 _iCW50731 _lCCODEBUL1 _mBUL _p00.00 _r0 _sY _tBOOK _u19720105 _xBIBLIOTECA _zUNKNOWN _0COMPRA _o.STAFF. Colección General |
||
| 949 |
_a286.7325 MBi _wDEWEY _c2 _i10404 _lCCODEBUL1 _mBUL _p00.00 _r0 _sY _tBOOK _u19720105 _xBIBLIOTECA _zUNKNOWN _0COMPRA _o.STAFF. Colección General |
||
| 949 |
_a286.7325 MBi _wDEWEY _c3 _i04893 _lCCODEBUL1 _mBUL _p00.00 _r0 _sY _tBOOK _u19720105 _xBIBLIOTECA _zUNKNOWN _0COMPRA _o.STAFF. Colección General |
||
| 949 |
_a286.7325 MBi _wDEWEY _c4 _i13917 _lCCODEBUL1 _mBUL _p00.00 _r0 _sY _tBOOK _u19720105 _xBIBLIOTECA _zUNKNOWN _0COMPRA _o.STAFF. Colección General |
||
| 994 |
_aC0 _bPEPRU |
||
| 596 | _a1 4 | ||
| 999 |
_a286.7325 MBI _wDEWEY _c60676 _i10404 _f2019-12-11 _g4 _lDISCARD _mBUL _r0 _sY _tBOOK _u2015-6-16 _xTEOLOGIA _zUNKNOWN _0COMPRA _o.STAFF. Colección General _d60676 |
||
| 999 |
_a286.7325 MBI _wDEWEY _c3 _i04893 _d2016-4-4 _e2016-4-4 _f2019-12-11 _g4 _lDISCARD _mBUL _n1 _r0 _sY _tBOOK _u2015-6-16 _xTEOLOGIA _zUNKNOWN _0COMPRA _o.STAFF. Colección General |
||
| 999 |
_a286.7325 MBI _wDEWEY _c4 _i13917 _f2019-12-11 _g4 _lDISCARD _mBUL _r0 _sY _tBOOK _u2015-6-16 _xTEOLOGIA _zUNKNOWN _0COMPRA _o.STAFF. Colección General |
||
| 999 |
_a286.7325 MBI _wDEWEY _c5 _i75875 _f2021-11-12 _g4 _lCCODEBUL1 _mBUL _p14.00 _r0 _sY _tBOOK _u2017-5-22 _xTEOLOGIA _PP85 _0DONACION _o.STAFF. Colección Teología |
||
| 999 |
_a286.7325 MBI _wDEWEY _c1 _iCW50731 _f2021-12-21 _g1 _lCCODECWL1 _mBWL _p20.00 _r1 _sY _tBOOK _u2015-6-16 _xWHITE _zUNKNOWN _0COMPRA _o.STAFF. Centro White |
||
| 980 |
_81 _gALBERTO SANCHEZ Responsable de Automatización |
||